| 000 | 00769cam a2200217 a 4500 | ||
|---|---|---|---|
| 001 | 000019959 | ||
| 005 | 20200929170215.0 | ||
| 008 | 700330s1968 xxca b 000 0 eng d | ||
| 040 |
_aDO-SdBNP _beng _cLC _dBNPHU |
||
| 050 | 0 | 0 |
_aHC60 _b.M2925 |
| 082 |
_ann* _bM266 |
||
| 245 | 0 | 0 |
_aMan deserves man : _bCUSO in developing countries / _cedición Bill McWhinney y Dave Godfrey. |
| 260 |
_aToronto : _bRyerson Press, _c1968. |
||
| 300 |
_axxii, 461 p. : _bil. ; _c21 cm. |
||
| 504 | _aIncluye referencias bibliográficas y notas al pie de los páginas. | ||
| 610 | 2 | 0 |
_aCanadian University Service Overseas. _942560 |
| 700 | 1 |
_aMcWhinney, Bill, _d1939- _eed. _942561 |
|
| 700 | 1 |
_aGodfrey, Dave, _d1938- _eed. _94177 |
|
| 910 | _aCatalogación derivada / LC | ||
| 049 | _aBNGR | ||
| 999 |
_c19472 _d19472 |
||